| 000 | 00722nam a2200217Ia 4500 | ||
|---|---|---|---|
| 003 | GCL | ||
| 008 | 140319s9999 xx 000 0 ara d | ||
| 040 |
_aGCL / _cGCL |
||
| 082 | 0 | 4 |
_a301.431 _bج م |
| 100 | 1 | _aجامعة الدول العربية | |
| 245 | 1 | 0 |
_aميثاق حقوق الطفل العربى / _cجامعة الدول العربية |
| 300 | _a20 ص | ||
| 490 |
_aالهيئة العامة للاستعلامات _v0 |
||
| 650 | 0 | 4 | _aالاباء والابناء |
| 650 | 0 | 4 | _aالشئون الاجتماعية |
| 650 | 0 | 4 | _aالطفل |
| 650 | 0 | 4 | _aالاطفال - رعاية |
| 650 | 0 | 4 | _aالامومه- رعايه |
| 650 | 0 | 4 | _aالاطفال، العناية الصحية |
| 942 |
_2ddc _cBK |
||
| 999 |
_c50547 _d50547 |
||